Sports Quiz

Random Sports or NFL Quiz

NFL Touchdowns Divisional Round 2011 Season Quiz Stats

Quiz not verified by Sporcle

Challenge
Share
Tweet
Embed
Score 0/24 Timer 03:00
0 Plays Today
Game Name % Correct
Saints at 49ersAlex Smith
96.6%
Saints at 49ersVernon Davis
96.6%
Broncos at PatriotsRob Gronkowski
94.3%
Giants at PackersEli Manning
93.2%
Broncos at PatriotsTom Brady
92%
Broncos at PatriotsWes Welker
92%
Giants at PackersHakeem Nicks
92%
Saints at 49ersJimmy Graham
90.9%
Texans at RavensArian Foster
90.9%
Giants at PackersAaron Rodgers
90.9%
Saints at 49ersDrew Brees
88.6%
Saints at 49ersMarques Colston
88.6%
Game Name % Correct
Texans at RavensJoe Flacco
88.6%
Broncos at PatriotsAaron Hernandez
87.5%
Broncos at PatriotsWillis McGahee
85.2%
Giants at PackersBrandon Jacobs
85.2%
Texans at RavensAnquan Boldin
84.1%
Saints at 49ersDarren Sproles
83%
Broncos at PatriotsDeion Branch
81.8%
Saints at 49ersMichael Crabtree
80.7%
Giants at PackersMario Manningham
77.3%
Giants at PackersDonald Driver
76.1%
Giants at PackersJohn Kuhn
61.4%
Texans at RavensKris Wilson
25%

You're not logged in!

Compare scores with friends on all Sporcle quizzes.
Sign Up with Email
OR
Log In

You Might Also Like...

Show Comments

Extras

Top Quizzes Today


Score Distribution

Your Account Isn't Verified!

In order to create a playlist on Sporcle, you need to verify the email address you used during registration. Go to your Sporcle Settings to finish the process.

Report this User

Report this user for behavior that violates our Community Guidelines.

Details: